00306nam a22000977a 4500008004100000082001700041110003000058245006800088260004400156300000800200230704b xxu||||| |||| 00| 0 eng d a341.765bWHO bWorld Health Organization aFifty-SeventhbWorld Health AssemblycResolutions and Decisions aGenevabWorld Health Organizationc2004 a78p